| 000 | 00405nam a2200169Ia 4500 | ||
|---|---|---|---|
| 005 | 20240823011019.0 | ||
| 008 | 240823s9999||||xx |||||||||||||| ||und|| | ||
| 082 | _A621.382 P0 | ||
| 100 | _aSrinivasan K S | ||
| 245 | 0 | _aDigital Communication | |
| 250 | _a1st | ||
| 260 |
_b"Selva,Ch" _aChennai |
||
| 500 | _aYES | ||
| 650 |
_aDigital Communication _bInstrumentation |
||
| 942 | _cBK | ||
| 999 |
_c160297 _d160297 |
||